000 01103nam0a22002651 4500
001 rc\4307707
005 20260407093616.0
021 _aRU
_b[66-70063]
035 _a(NLR Aleph) 008506226
090 _a8140417
_c8140417
100 _a20130416d1966 |||y0rusy50 ca
101 0 _arus
102 _aRU
105 _ay z |||||
200 1 _aВзрывчатые вещества для проходки горноразведочных выработок
_fМ-во геологии СССР. Центр. науч.-исслед. горноразведочный ин-т "ЦНИГРИ"
210 _aМосква
_cБ. и.
_d1966
215 _a5 с.
_d22
606 _aПроходка горноразведочных выработок
_2psbo
606 _aВзрывчатые вещества
_2psbo
712 0 2 _aЦентральный научно-исследовательский горно-разведочный институт
_cМосква
_9330550
_3RU\NLR\AUTH\889917189
801 0 _aRU
_bNLR
_gpsbo
801 1 _aRU
_bELAR
_2rusmarc
852 _aNLR
_j66-6/10925
942 _cBOOK
980 _aNB